Miejscowości w gminie Zakliczyn z mapą - Statystyki

Ogólne statystyki
  • Ten quiz został rozwiązany 5 razy
  • Średni wynik to 14 z 24
Odpowiedzi na mapie
Odpowiedzi zakodowano w zielono-czerwonej skali na mapie do tego quizu, zgodnie z poniższymi procentami.
 
Statystyki odpowiedzi
Odpowiedź % Poprawnych
Lusławice
100%
Melsztyn
100%
Zakliczyn
100%
Paleśnica
75%
Roztoka
75%
Bieśnik
50%
Borowa
50%
Charzewice
50%
Dzierżaniny
50%
Faliszewice
50%
Faściszowa
50%
Filipowice
50%
Gwoździec
50%
Jamna
50%
Kończyska
50%
Olszowa
50%
Ruda Kameralna
50%
Słona
50%
Stróże
50%
Wesołów
50%
Wola Stróska
50%
Wróblowice
50%
Zawada Lanckorońska
50%
Zdonia
50%
Nie znaleziono quizów pasujących do podanych kryteriów
Rozkład punktacji
Procent ludzi z każdym wynikiem
Percentyl według liczby udzielonych odpowiedzi
Twoja historia wyników
Nie rozwiązałeś tego quizu